| 000 | 01480nam a2200241Ia 4500 | ||
|---|---|---|---|
| 999 |
_c49436 _d49436 |
||
| 001 | 16359 | ||
| 003 | GE_BSU | ||
| 005 | 20221117114432.0 | ||
| 008 | 181216s2008||||ge |||||||||||||| ||geo|| | ||
| 020 | _a9789941100185 | ||
| 040 | _cGE_BSU | ||
| 041 | _ageo | ||
| 080 | _a34(031) თ-42 | ||
| 100 |
_aთეზელიშვილი, სოლომონ _912293 |
||
| 245 |
_aიურიდიული ენციკლოპედია : _bფართო სპექტრის მქონე ძირითად ტერმინთა (5000), ქვეტერმინთა (20000) და სხვადასხვა განმარტება-მცნებათა (30000) რაოდენობა : პოლიტ. და ეკონ. ტერმინები მოცემულია სამართლებრივ ასპექტში / _cსოლომონ თეზელიშვილი ; [მთ. რედ. თამაზ ბარაბაძე]. |
||
| 264 |
_aთბილისი : _bმერიდიანი, _c2008. |
||
| 300 |
_a816 გვ.; _b30 სმ. |
||
| 520 | _aპოლიტ. და ეკონ. ტერმინები მოცემულია სამართლებრივ ასპექტში. | ||
| 541 | _h50ლ. | ||
| 653 | _aენციკლოპედია | ||
| 653 | _aიურიდიული ენციკლოპედია | ||
| 942 |
_cBK _2udc |
||